[Event "ROM-ch U08 Girls"]
[Site "Calimanesti Caciulata"]
[Date "2016.04.19"]
[Round "2"]
[White "Pindaru, Delia Maria"]
[Black "Stefan, Iulia Cristiana"]
[Result "0-1"]
[WhiteElo "1001"]
[BlackElo "1001"]
[PlyCount "52"]
[EventDate "2016.04.18"]
[EventType "swiss"]
[EventRounds "9"]
[EventCountry "ROU"]
[SourceTitle "CBM 172 Extra"]
[Source "ChessBase"]
[SourceDate "2016.06.21"]
[SourceVersion "1"]
[SourceVersionDate "2016.06.21"]
[SourceQuality "1"]

1. e4 e5 2. Nf3 Nc6 3. Nc3 Nf6 4. Bb5 d6 5. Bxc6+ bxc6 6. 0-0 Be7 7. h3 0-0 8. d3 h6 9. Ne1 Be6 10. a3 Qd7 11. Qf3 Nh7 12. Qg3 Ng5 13. Nf3 Nxh3+ 14. gxh3 Bxh3 15. Bxh6 g6 16. Bg5 Rfe8 17. Qh4 Bxf1 18. Rxf1 Bxg5 19. Nxg5 Kf8 20. Qh6+ Ke7 21. Qh4 Kd8 22. Nxf7+ Kc8 23. Nh6 Rb8 24. Nd1 Rh8 25. Qg5 Qh7 26. Ng4 Qh1# 0-1

[Event "ROM-ch U08 Girls"]
[Site "Calimanesti Caciulata"]
[Date "2016.04.18"]
[Round "1"]
[White "Cioara, Maria"]
[Black "Pindaru, Delia Maria"]
[Result "1-0"]
[WhiteElo "1064"]
[BlackElo "1001"]
[PlyCount "43"]
[EventDate "2016.04.18"]
[EventType "swiss"]
[EventRounds "9"]
[EventCountry "ROU"]
[SourceTitle "CBM 172 Extra"]
[Source "ChessBase"]
[SourceDate "2016.06.21"]
[SourceVersion "1"]
[SourceVersionDate "2016.06.21"]
[SourceQuality "1"]

1. e4 e5 2. Nf3 Nc6 3. d4 Bb4+ 4. Nc3 Nf6 5. Bc4 0-0 6. 0-0 h6 7. Be3 Nh5 8. h3 Qf6 9. Nxe5 Nxe5 10. dxe5 Qg6 11. Nd5 d6 12. Ne7+ Kh7 13. Nxg6 fxg6 14. c3 Ba5 15. exd6 cxd6 16. Qxd6 Rf6 17. Qe7 b6 18. Bd4 Rf4 19. Be2 g5 20. Bxh5 Rf6 21. Bxf6 Kg8 22. Qxg7# 1-0